MARC details
| 000 -LEADER |
| fixed length control field |
01437nam a2200301#a 4500 |
| 001 - CONTROL NUMBER |
| control field |
00641 |
| 003 - CONTROL NUMBER IDENTIFIER |
| control field |
HDC |
| 007 - PHYSICAL DESCRIPTION FIXED FIELD--GENERAL INFORMATION |
| fixed length control field |
ta |
| 008 - FIXED-LENGTH DATA ELEMENTS--GENERAL INFORMATION |
| fixed length control field |
230623s2008 xx 000 0 eng d |
| 020 ## - INTERNATIONAL STANDARD BOOK NUMBER |
| International Standard Book Number |
9781405136181 (hbk.). |
| 040 ## - CATALOGING SOURCE |
| Original cataloging agency |
HDC |
| 050 ## - LIBRARY OF CONGRESS CALL NUMBER |
| Classification number |
SF 250.5 |
| Item number |
.A38 2008 |
| 245 #0 - TITLE STATEMENT |
| Title |
Advanced dairy science and technology / |
| Statement of responsibility, etc. |
edited by Trevor J. Britz, Richard K. Robinson. |
| 264 ## - PRODUCTION, PUBLICATION, DISTRIBUTION, MANUFACTURE, AND COPYRIGHT NOTICE |
| Place of production, publication, distribution, manufacture |
Ames, Iowa : |
| Name of producer, publisher, distributor, manufacturer |
Blackwell Pub. Professional, |
| 264 ## - PRODUCTION, PUBLICATION, DISTRIBUTION, MANUFACTURE, AND COPYRIGHT NOTICE |
| Place of production, publication, distribution, manufacture |
Oxford, UK : |
| Name of producer, publisher, distributor, manufacturer |
Blackwell Pub. |
| Date of production, publication, distribution, manufacture, or copyright notice |
2008 |
| 300 ## - PHYSICAL DESCRIPTION |
| Extent |
xi,300p. : |
| Other physical details |
ill. ; |
| Dimensions |
26cm. |
| 500 ## - GENERAL NOTE |
| General note |
Includes bibliographical references and index. |
| 505 ## - FORMATTED CONTENTS NOTE |
| Formatted contents note |
"Thermal processing of milk / Peter de Jong -- Applications of membrane separation / Athanasios Goulas and Alistair S. Grandison -- Hygiene by design / J. Ferdie Mostert and Elna M. Buys -- Automation in the dairy industry / Evaggelos Doxanakis and Asterios Kefalas -- Safety and quality of dairy products / Peter J. Jooste and Lucia E. C. M. Anelich -- Modern laboratory practices : analysis of dairy products / Thomas Bintsis, Apostolos S. Angelidis and Lefki Psoni -- Dealing with environmental issues / Trevor J. Britz, Corne? Lamprecht and Gunnar O. Sigge." |
| 650 ## - SUBJECT ADDED ENTRY--TOPICAL TERM |
| Topical term or geographic name entry element |
Dairy processing. |
| 650 ## - SUBJECT ADDED ENTRY--TOPICAL TERM |
| Topical term or geographic name entry element |
Dairying. |
| 700 ## - ADDED ENTRY--PERSONAL NAME |
| Personal name |
Britz, T. J. |
| 700 ## - ADDED ENTRY--PERSONAL NAME |
| Personal name |
Robinson, R. K. |
| Fuller form of name |
(Richard Kenneth) |
| 700 ## - ADDED ENTRY--PERSONAL NAME |
| Personal name |
Robinson, R. K. |
| Fuller form of name |
(Richard Kenneth) |
| 942 ## - ADDED ENTRY ELEMENTS (KOHA) |
| Source of classification or shelving scheme |
Library of Congress Classification |
| 942 ## - ADDED ENTRY ELEMENTS (KOHA) |
| Koha item type |
Book |
| 942 ## - ADDED ENTRY ELEMENTS (KOHA) |
| Call number prefix |
SF 250.5 |
| 942 ## - ADDED ENTRY ELEMENTS (KOHA) |
| Call number suffix |
.A38 2008 |